[Event "WEM Meisterturnier 2015"]
[Site "Stuttgart Botnang"]
[Date "2015.08.29"]
[Round "1.1"]
[White "Gheng, Josef"]
[Black "Schmidt, Olaf"]
[Result "1/2-1/2"]
[WhiteElo "2376"]
[BlackElo "2154"]
[PlyCount "112"]
[EventDate "2015.??.??"]
[EventCountry "GER"]
[SourceDate "2015.09.01"]
[WhiteTeam "SC Erdmannhausen"]
[BlackTeam "SF Pfullingen"]

1. e4 e5 2. Nf3 Nc6 3. Bb5 Nf6 4. d3 Bc5 5. O-O Nd4 6. Nxd4 Bxd4 7. Nd2 c6 8.
Ba4 d6 9. c3 Bb6 10. Nc4 Bc7 11. Ne3 d5 12. Qf3 O-O 13. Nf5 Bxf5 14. Qxf5 Qd7
15. Qf3 dxe4 16. dxe4 Qg4 17. Qxg4 Nxg4 18. Bc2 h6 19. a4 a5 20. h3 Nf6 21. Be3
Bb8 22. Bc5 Re8 23. Rad1 Ba7 24. Ba3 Rad8 25. g3 Nh7 26. Kg2 Ng5 27. Bd6 Bb6
28. h4 Nh7 29. f4 Nf6 30. Kf3 Nd5 31. fxe5 Ne3 32. Bb3 Nxd1 33. Rxd1 Rd7 34. c4
Red8 35. Ke2 c5 36. Rd5 Re8 37. Kd3 Bc7 38. Bd1 f5 39. Bh5 Rxe5 40. Bxe5 Rxd5+
41. cxd5 Bxe5 42. exf5 Kf8 43. Kc4 Bxg3 44. Kxc5 Ke7 45. Kb6 Be1 46. Bf3 Bb4
47. Kxb7 Bd6 48. Kb6 Bb4 49. Bh5 Kd6 50. Bf7 Ke7 51. Be6 Kd6 52. Kb5 Ke7 53.
Kc4 Bd6 54. Bc8 Bb4 55. Kd4 Kf6 56. Kc4 Ke7 1/2-1/2

[Event "WEM Meisterturnier 2015"]
[Site "Stuttgart Botnang"]
[Date "2015.08.29"]
[Round "1.2"]
[White "Engelhart, Achim"]
[Black "Reuß, Andreas"]
[Result "0-1"]
[WhiteElo "2140"]
[BlackElo "2324"]
[PlyCount "88"]
[EventDate "2015.??.??"]
[EventCountry "GER"]
[SourceDate "2015.09.01"]
[WhiteTeam "Post-SV Ulm"]
[BlackTeam "Stuttgarter SF"]

1. e4 c6 2. d4 d5 3. Nd2 Qb6 4. c3 dxe4 5. Nxe4 Bf5 6. Ng3 Bg6 7. Nh3 e6 8. Nf4
c5 9. d5 e5 10. Nxg6 hxg6 11. Qe2 Nd7 12. f4 O-O-O 13. fxe5 Re8 14. Bf4 g5 15.
Be3 Rxe5 16. O-O-O Bd6 17. Kb1 f5 18. Nxf5 Rxf5 19. Qd3 Ne7 20. Be2 Rxd5 21.
Qc4 Rh4 22. Bg4 Kc7 23. Rxd5 Nxd5 24. Bxg5 Ne5 25. Qxd5 Rxg4 26. h4 Qc6 27. Qg8
Kb6 28. Qxg7 Rxg2 29. Rd1 Bc7 30. Qf8 a6 31. b4 Ka7 32. Qxc5+ Qxc5 33. bxc5 Ba5
34. Be3 Nc6 35. Bd4 Bd8 36. Rh1 Nxd4 37. cxd4 Bf6 38. d5 Rb2+ 39. Kc1 Rxa2 40.
Rh3 Ra5 41. c6 Rc5+ 42. Kb1 Rxd5 43. cxb7 Rh5 44. Rb3 Rb5 0-1

[Event "WEM Meisterturnier 2015"]
[Site "Stuttgart Botnang"]
[Date "2015.08.29"]
[Round "1.4"]
[White "Behrendt, Clemens"]
[Black "Latzke, Boris Alexander"]
[Result "1/2-1/2"]
[WhiteElo "2120"]
[BlackElo "2257"]
[PlyCount "47"]
[EventDate "2015.??.??"]
[EventCountry "GER"]
[SourceDate "2015.09.01"]
[WhiteTeam "SC Böblingen"]
[BlackTeam "SK Bebenhausen"]

1. Nf3 Nf6 2. g3 d5 3. Bg2 Bg4 4. Ne5 Be6 5. c4 c6 6. cxd5 Bxd5 7. f3 c5 8. Nc3
e6 9. d4 cxd4 10. Qxd4 Nc6 11. Qa4 Bd6 12. Nd3 a6 13. Nxd5 exd5 14. Bd2 O-O 15.
O-O-O Re8 16. Rhe1 d4 17. e4 dxe3 18. Bxe3 Nd5 19. Bf2 Qc7 20. f4 Nde7 21. Kb1
Rac8 22. Bh3 Rcd8 23. Rc1 Qb8 24. Bb6 1/2-1/2

[Event "WEM Meisterturnier 2015"]
[Site "Stuttgart Botnang"]
[Date "2015.08.29"]
[Round "1.5"]
[White "Hirneise, Jens"]
[Black "Amos, Frank"]
[Result "1-0"]
[WhiteElo "2254"]
[BlackElo "2106"]
[PlyCount "53"]
[EventDate "2015.??.??"]
[EventCountry "GER"]
[SourceDate "2015.09.01"]
[WhiteTeam "SF Deizisau"]
[BlackTeam "SK Lauffen"]

1. e4 c5 2. Nf3 Nc6 3. d4 cxd4 4. Nxd4 Nf6 5. Nc3 e6 6. Ndb5 Bc5 7. Bf4 e5 8.
Be3 Bxe3 9. Nd6+ Kf8 10. fxe3 Qb6 11. Qd2 Ng4 12. Nd1 h5 13. Bc4 Nd8 14. O-O f6
15. h3 Nh6 16. Nc3 Nhf7 17. Nf5 Qc5 18. Be2 Rb8 19. Nd5 d6 20. b4 Qc6 21. Nfe7
Qe8 22. Ng6+ Kg8 23. Nxh8 Ng5 24. Ng6 Nxe4 25. Nde7+ Kh7 26. Qd3 f5 27. Nxf5
1-0

[Event "WEM Meisterturnier 2015"]
[Site "Stuttgart Botnang"]
[Date "2015.08.29"]
[Round "1.6"]
[White "Fuß, Klaus"]
[Black "Namyslo, Holger"]
[Result "1/2-1/2"]
[WhiteElo "2099"]
[BlackElo "2227"]
[PlyCount "112"]
[EventDate "2015.??.??"]
[EventCountry "GER"]
[SourceDate "2015.09.01"]
[WhiteTeam "SG Turm Albstadt"]
[BlackTeam "TG Biberach"]

1. e4 e6 2. d4 d5 3. exd5 exd5 4. Nf3 Bd6 5. Bd3 Ne7 6. Bg5 O-O 7. O-O f6 8.
Bh4 Nbc6 9. c3 Bf5 10. Bg3 Bxg3 11. hxg3 Qd7 12. Re1 Rae8 13. Nh4 Bxd3 14. Qxd3
Nc8 15. Nd2 Nd6 16. Nhf3 Qf7 17. Rxe8 Rxe8 18. Re1 Rxe1+ 19. Nxe1 Qe6 20. Nc2
a6 21. b3 Qf5 22. Qxf5 Nxf5 23. g4 Nd6 24. Ne3 Ne7 25. f3 Kf7 26. Kf2 Nb5 27.
Nd1 Ke6 28. Ke3 c6 29. Kd3 g6 30. Ne3 f5 31. c4 Nd6 32. a4 fxg4 33. Nxg4 Nf7
34. b4 h5 35. Ne3 Nd6 36. Nb3 dxc4+ 37. Nxc4 Nec8 38. Ne5 Kf5 39. Nc5 h4 40.
Ke3 Ne7 41. Ncd3 g5 42. Kf2 Ke6 43. f4 gxf4 44. Nxf4+ Kf5 45. Kf3 Ne4 46. Nc4
Ng5+ 47. Ke3 Kg4 48. Ne5+ Kg3 49. Neg6 Nc8 50. Ne2+ Kg4 51. Ne5+ Kf5 52. Nc4 b6
53. Nc3 Nf7 54. Kf3 Ng5+ 55. Ke3 Nf7 56. Kf3 Ng5+ 1/2-1/2

[Event "WEM Meisterturnier 2015"]
[Site "Stuttgart Botnang"]
[Date "2015.08.29"]
[Round "1.7"]
[White "Fischer, Sebastian"]
[Black "Meschke, Andreas"]
[Result "1-0"]
[WhiteElo "2222"]
[BlackElo "2098"]
[PlyCount "113"]
[EventDate "2015.??.??"]
[EventCountry "GER"]
[SourceDate "2015.09.01"]
[WhiteTeam "TSV Schönaich"]
[BlackTeam "SV Marbach"]

1. d4 d5 2. Nf3 Nf6 3. Bg5 Nbd7 4. Nbd2 e6 5. e3 Be7 6. Bd3 b6 7. c3 Bb7 8. Qa4
O-O 9. Ne5 h6 10. Bxf6 Nxf6 11. f4 c5 12. O-O a6 13. Qd1 Bd6 14. Qf3 Qc7 15. g4
Bxe5 16. fxe5 Nh7 17. Bxh7+ Kxh7 18. g5 Qe7 19. h4 g6 20. Rf2 hxg5 21. Raf1 Kg7
22. Qf6+ Qxf6 23. exf6+ Kh7 24. hxg5 Rh8 25. Rh2+ Kg8 26. Rxh8+ Kxh8 27. Nf3
Kg8 28. Ne5 a5 29. Kf2 Ba6 30. Rh1 Bb5 31. Ng4 Ra7 32. Nh6+ Kf8 33. Nf5 Kg8 34.
Ne7+ Rxe7 35. fxe7 Kg7 36. Kg3 f6 37. Kf4 Be8 38. b3 Bf7 39. a3 Be8 40. b4 axb4
41. axb4 cxb4 42. cxb4 b5 43. Rc1 Kf7 44. Rc7 Kg7 45. Rc8 fxg5+ 46. Ke5 Kf7 47.
Kd6 g4 48. Ra8 g5 49. Rc8 g3 50. Rc2 Kf6 51. Rg2 g4 52. Rxg3 Kg5 53. Ke5 Bc6
54. Rg2 Bd7 55. Rg1 Kh4 56. Kf4 Kh3 57. Rg3+ 1-0

[Event "WEM Meisterturnier 2015"]
[Site "Stuttgart Botnang"]
[Date "2015.08.29"]
[Round "1.8"]
[White "Gabriel, Josef"]
[Black "Grill, Bernd"]
[Result "0-1"]
[WhiteElo "2094"]
[BlackElo "2220"]
[PlyCount "124"]
[EventDate "2015.??.??"]
[EventCountry "GER"]
[SourceDate "2015.09.01"]
[WhiteTeam "Stuttgarter SF"]
[BlackTeam "SV Ebersbach"]

1. e4 Nf6 2. d3 d5 3. Nd2 e5 4. Ngf3 Nc6 5. Be2 Be7 6. O-O O-O 7. Re1 Re8 8.
Bf1 d4 9. c3 Bf8 10. cxd4 Nxd4 11. Nxd4 Qxd4 12. Nc4 c5 13. Bd2 Ng4 14. Qf3 b5
15. Bc3 Qd7 16. Na5 Ba6 17. b3 Nf6 18. a4 bxa4 19. Rxa4 Rab8 20. Qd1 Bb5 21.
Ra2 a6 22. Qa1 Qe6 23. Nc4 Nd7 24. Ne3 Nb6 25. Nc4 f6 26. Qd1 Nc8 27. Re3 Ne7
28. Rh3 g6 29. Ne3 Red8 30. Ba5 Re8 31. Be2 Nc6 32. Nd5 Nxa5 33. Rxa5 Rb7 34.
Qa1 Rd8 35. f4 Bg7 36. Qc3 exf4 37. Nxf4 Qd6 38. Nd5 f5 39. Qc2 Bd4+ 40. Kh1
Qe5 41. Rf3 Kg7 42. Bf1 Rf7 43. Qd1 Rdf8 44. Ra2 fxe4 45. dxe4 Qxe4 46. Rxf7+
Rxf7 47. Bc4 Bc6 48. Nb6 Rf2 49. Rxf2 Bxf2 50. Qf1 Qd4 51. Bxa6 h5 52. Be2 h4
53. Qd1 h3 54. Qxd4+ cxd4 55. Bf1 d3 56. Nc4 Kf6 57. Nd2 g5 58. b4 g4 59. b5
Bd5 60. Nb1 Ke5 61. Nc3 Bb7 62. Na4 Bd4 0-1

[Event "WEM Meisterturnier 2015"]
[Site "Stuttgart Botnang"]
[Date "2015.08.29"]
[Round "1.9"]
[White "Sokratov, Stanislav"]
[Black "Schaffert, Walter"]
[Result "1-0"]
[WhiteElo "2192"]
[BlackElo "2091"]
[PlyCount "87"]
[EventDate "2015.??.??"]
[EventCountry "GER"]
[SourceDate "2015.09.01"]
[WhiteTeam "SC Erdmannhausen"]
[BlackTeam "SG Ludwigsburg"]

1. d4 Nf6 2. c4 g6 3. Nc3 Bg7 4. e4 d6 5. Nf3 O-O 6. Be2 e5 7. O-O Nc6 8. d5
Ne7 9. b4 Nh5 10. g3 f5 11. Ng5 Nf6 12. Bf3 a5 13. b5 fxe4 14. Ncxe4 Nf5 15.
Ne6 Bxe6 16. dxe6 Rb8 17. Nxf6+ Qxf6 18. Bb2 h5 19. Be4 Kh8 20. b6 cxb6 21.
Bxf5 Qxf5 22. Qxd6 Rbe8 23. e7 Rf6 24. Qd8 Qc8 25. Qxc8 Rxc8 26. Rad1 Rg8 27.
Bxe5 Re6 28. Bd6 Bf6 29. Rfe1 Rxe1+ 30. Rxe1 Re8 31. Re6 Kg7 32. Ba3 Bd4 33.
Rd6 Bc5 34. Bxc5 bxc5 35. Rd7 b6 36. a4 Kf7 37. f4 Rxe7 38. Rxe7+ Kxe7 39. Kf2
Kf6 40. Kf3 g5 41. Ke4 gxf4 42. gxf4 Ke6 43. h4 Kf6 44. f5 1-0

[Event "WEM Meisterturnier 2015"]
[Site "Stuttgart Botnang"]
[Date "2015.08.29"]
[Round "1.10"]
[White "Geshnizjani, Ramin Tobias"]
[Black "Gabriel, Robert"]
[Result "1-0"]
[WhiteElo "2081"]
[BlackElo "2184"]
[PlyCount "89"]
[EventDate "2015.??.??"]
[EventCountry "GER"]
[SourceDate "2015.09.01"]
[WhiteTeam "Heilbronner SV"]
[BlackTeam "Stuttgarter SF"]

1. e4 c5 2. c3 d5 3. exd5 Qxd5 4. d4 Nf6 5. Nf3 Bg4 6. Be2 e6 7. O-O Nc6 8. h3
Bh5 9. Be3 cxd4 10. cxd4 Bd6 11. Nc3 Qa5 12. a3 O-O 13. b4 Qd8 14. Qb3 Rc8 15.
Rad1 Nd5 16. Ne4 Bf4 17. Qd3 Bg6 18. Nfd2 f5 19. Nc5 Bxe3 20. fxe3 f4 21. e4
Qe7 22. Bg4 Rf6 23. Bxe6+ Rxe6 24. Nxe6 Qxe6 25. exd5 Qd6 26. Qc3 Ne7 27. Qf3
Nxd5 28. Rc1 Rd8 29. Ne4 Bxe4 30. Qxe4 g5 31. Qf5 h6 32. Rc8 Kg7 33. Rxd8 Qxd8
34. Re1 Ne3 35. Qe5+ Kg6 36. Rc1 Nd5 37. Rc5 Nf6 38. d5 Nh5 39. Qe6+ Nf6 40. d6
Qb6 41. Kh1 Qd8 42. Rc8 Qd7 43. Qxd7 Nxd7 44. Rc7 Ne5 45. d7 1-0

[Event "WEM Meisterturnier 2015"]
[Site "Stuttgart Botnang"]
[Date "2015.08.29"]
[Round "1.11"]
[White "Höglauer, Patrick"]
[Black "Koch, Martin"]
[Result "0-1"]
[WhiteElo "2168"]
[BlackElo "2058"]
[PlyCount "92"]
[EventDate "2015.??.??"]
[EventCountry "GER"]
[SourceDate "2015.09.01"]
[WhiteTeam "SV Backnang"]
[BlackTeam "SC Botnang"]

1. d4 Nf6 2. c4 g6 3. Nc3 Bg7 4. e4 d6 5. f3 O-O 6. Be3 Nfd7 7. Nh3 e5 8. d5 a5
9. Nf2 f5 10. Nd3 Na6 11. a3 Nac5 12. Rb1 a4 13. Be2 fxe4 14. fxe4 Nxd3+ 15.
Bxd3 Nc5 16. Bf2 Qg5 17. O-O Bh3 18. Bg3 Qe3+ 19. Kh1 Bxg2+ 20. Kxg2 Nxd3 21.
Qc2 Bh6 22. Rbd1 Rxf1 23. Rxf1 Rf8 24. Rxf8+ Kxf8 25. Qxa4 Qd2+ 26. Kf1 Qc1+
27. Qd1 Nxb2 28. Qxc1 Bxc1 29. c5 Nc4 30. cxd6 cxd6 31. a4 Bb2 32. Nd1 Bd4 33.
Ke2 Ke7 34. Bh4+ Kd7 35. Kd3 Nb2+ 36. Nxb2 Bxb2 37. Bg5 Bd4 38. h4 Bf2 39. Ke2
Bb6 40. Kf3 Ke8 41. Kg4 h5+ 42. Kf3 Bd8 43. Bxd8 Kxd8 44. Ke3 Ke7 45. Kd3 Kf6
46. a5 g5 0-1

[Event "WEM Meisterturnier 2015"]
[Site "Stuttgart Botnang"]
[Date "2015.08.29"]
[Round "1.12"]
[White "Maj, Kornel"]
[Black "Kunz, Walter"]
[Result "1-0"]
[WhiteElo "2051"]
[BlackElo "2167"]
[PlyCount "151"]
[EventDate "2015.??.??"]
[EventCountry "GER"]
[SourceDate "2015.09.01"]
[WhiteTeam "Stuttgarter SF"]
[BlackTeam "SC Botnang"]

1. e4 c5 2. a3 Nc6 3. b4 cxb4 4. axb4 Nxb4 5. c3 Nc6 6. d4 d6 7. d5 Ne5 8. f4
Nd7 9. Bb5 a6 10. e5 Rb8 11. Bxd7+ Bxd7 12. Nf3 g6 13. Be3 Bg7 14. Bd4 Bg4 15.
h3 Bxf3 16. Qxf3 Nh6 17. g4 O-O 18. O-O Qd7 19. Nd2 Rbc8 20. Rfb1 Rfd8 21. c4
b5 22. Rxa6 bxc4 23. Ra7 Rc7 24. Rxc7 Qxc7 25. Bb6 Qd7 26. Bxd8 Qxd8 27. Nxc4
Qc7 28. Qe4 dxe5 29. fxe5 f5 30. exf6 Bxf6 31. Kg2 Nf7 32. Rf1 Kg7 33. Nd2 Qc3
34. Nf3 g5 35. Rf2 h6 36. Rc2 Qb3 37. Qc4 Qe3 38. Re2 Qa3 39. Ra2 Qe3 40. Re2
Qa3 41. Nd4 Ne5 42. Nf5+ Kf7 43. Qe4 Ng6 44. Nxh6+ Kg7 45. Nf5+ Kf7 46. Rf2
Nf4+ 47. Rxf4 gxf4 48. Qxf4 Qa2+ 49. Kg3 Qxd5 50. Ne3 Qe5 51. Qxe5 Bxe5+ 52.
Kf3 Bf6 53. Kf4 Kg6 54. Nd5 Bh4 55. Ke5 Kf7 56. Nf4 Bg5 57. Ne6 Bh4 58. Kf5 Be1
59. g5 Bf2 60. g6+ Kg8 61. Kg4 Be1 62. h4 Bc3 63. h5 Bd2 64. Kf5 Bc1 65. Ke4
Bd2 66. Kd5 Bc1 67. Kc6 Bd2 68. Kd7 Be3 69. Kxe7 Bd2 70. Kf6 Bc3+ 71. Kf5 Bd2
72. Kf6 Bc3+ 73. Kg5 Bb2 74. h6 Bc3 75. Kf5 Bb2 76. Nd8 1-0

[Event "WEM Meisterturnier 2015"]
[Site "Stuttgart Botnang"]
[Date "2015.08.29"]
[Round "1.13"]
[White "Reck, Moritz"]
[Black "Bader, Gerd"]
[Result "1-0"]
[WhiteElo "2157"]
[BlackElo "2040"]
[PlyCount "83"]
[EventDate "2015.??.??"]
[EventCountry "GER"]
[SourceDate "2015.09.01"]
[WhiteTeam "TSV Schönaich"]
[BlackTeam "SG Schwäbisch Gmünd"]

1. e4 d6 2. Nc3 e5 3. g3 Nc6 4. Bg2 g6 5. d3 Bg7 6. f4 f5 7. Nf3 Nge7 8. Be3
O-O 9. Qd2 Nd4 10. O-O-O c5 11. fxe5 dxe5 12. Bh6 Nxf3 13. Bxf3 Rb8 14. h4 fxe4
15. Bxg7 Kxg7 16. Bxe4 Bg4 17. Rde1 h5 18. Nd1 Bxd1 19. Qxd1 Qd7 20. Bf3 Qe6
21. Kb1 Nf5 22. c3 Nh6 23. Qe2 Rbe8 24. Bxb7 Nf5 25. Reg1 Nh6 26. Bg2 Rb8 27.
Bh3 Ng4 28. Bxg4 hxg4 29. h5 g5 30. Qe3 Rf6 31. Qxc5 Qf7 32. Re1 Kh7 33. Qc4
Qb7 34. Rh2 Rbf8 35. Qxg4 Kh6 36. Qe4 Qxe4 37. Rxe4 Rf3 38. Rxe5 Rxd3 39. Re6+
Kh7 40. Re7+ Kh6 41. g4 Rg3 42. Rd2 1-0

[Event "WEM Meisterturnier 2015"]
[Site "Stuttgart Botnang"]
[Date "2015.08.29"]
[Round "1.14"]
[White "Reimche, Vadim"]
[Black "Gustain, Marc"]
[Result "1-0"]
[WhiteElo "2005"]
[BlackElo "2156"]
[PlyCount "44"]
[EventDate "2015.??.??"]
[EventCountry "GER"]
[SourceDate "2015.09.01"]
[WhiteTeam "SF Ravensburg"]
[BlackTeam "SF Deizisau"]

1. d4 Nf6 2. Nc3 d5 3. f3 c5 4. e4 dxe4 5. d5 exf3 6. Nxf3 g6 7. Bg5 Bg7 8. Bc4
a6 9. a4 O-O 10. O-O Nbd7 11. Qd2 Re8 12. Rae1 Nb6 13. Ba2 c4 14. Ne5 Nbxd5 15.
Nxf7 Qb6+ 16. Kh1 Nxc3 17. Qxc3 Kxf7 18. Qxc4+ e6 19. Qh4 Qxb2 20. Bxf6 Qxa2
21. Qxh7 e5 22. Qxg7+ Ke6 1-0

[Event "WEM Meisterturnier 2015"]
[Site "Stuttgart Botnang"]
[Date "2015.08.29"]
[Round "1.15"]
[White "Smolny, Frieder"]
[Black "Müller, Nils Samuel"]
[Result "1-0"]
[WhiteElo "2156"]
[BlackElo "1815"]
[PlyCount "119"]
[EventDate "2015.??.??"]
[EventCountry "GER"]
[SourceDate "2015.09.01"]
[WhiteTeam "SC Weiße Dame Ulm"]
[BlackTeam "SG KK Hohentübingen"]

1. d4 Nf6 2. c4 g6 3. g3 Bg7 4. Bg2 d6 5. Nf3 O-O 6. O-O c6 7. Nc3 Na6 8. h3
Be6 9. d5 cxd5 10. cxd5 Bd7 11. Nd4 Qb6 12. Nb3 Rfc8 13. Be3 Qd8 14. Nd4 Nc5
15. b4 Na6 16. Qb3 Nh5 17. Rac1 Qe8 18. a4 f5 19. Ncb5 Nf6 20. Nc6 Kh8 21.
Nbxa7 Rc7 22. Nb5 Rxc6 23. dxc6 bxc6 24. Nd4 Rc8 25. Nxc6 Bxc6 26. Bxc6 Rxc6
27. Rxc6 Qxc6 28. Rc1 Qb7 29. Qc4 Nxb4 30. Qc8+ Qxc8 31. Rxc8+ Ng8 32. a5 Be5
33. Rb8 Na6 34. Rb6 Nc7 35. Rc6 Nb5 36. a6 Kg7 37. Rb6 Nc7 38. a7 Nf6 39. Rb7
Nfd5 40. Bb6 Na8 41. Bd8 Bd4 42. Bxe7 Nxe7 43. Rxe7+ Kh6 44. Re8 Nc7 45. Rc8
Bxa7 46. Rxc7 Bd4 47. Re7 Bc5 48. Kg2 g5 49. g4 fxg4 50. hxg4 Kg6 51. Kf3 h5
52. gxh5+ Kxh5 53. Rg7 Bd4 54. Rg8 g4+ 55. Rxg4 Bxf2 56. Rg8 Bd4 57. Ke4 Be5
58. Kf5 Kh6 59. Ke6 Kh7 60. Rd8 1-0

[Event "WEM Meisterturnier 2015"]
[Site "Stuttgart Botnang"]
[Date "2015.08.29"]
[Round "2.1"]
[White "Reuß, Andreas"]
[Black "Reck, Moritz"]
[Result "1-0"]
[WhiteElo "2324"]
[BlackElo "2157"]
[PlyCount "71"]
[EventDate "2015.??.??"]
[EventCountry "GER"]
[SourceDate "2015.09.01"]
[WhiteTeam "Stuttgarter SF"]
[BlackTeam "TSV Schönaich"]

1. d4 g6 2. e4 Bg7 3. c4 d6 4. Nc3 Nc6 5. Be3 e5 6. d5 Nce7 7. g4 f5 8. f3 Nf6
9. h3 O-O 10. Qd2 a6 11. Nge2 fxe4 12. fxe4 b5 13. cxb5 axb5 14. Ng3 b4 15. Nd1
Rb8 16. Bc4 Ne8 17. g5 Bh8 18. h4 Ng7 19. Qe2 Qe8 20. Nf2 Bd7 21. O-O-O Qf7 22.
Ng4 Bxg4 23. Qxg4 Qf3 24. Qxf3 Rxf3 25. Nf1 Nh5 26. Be2 Rff8 27. Bg4 Nf4 28.
Rh2 h5 29. gxh6 Kh7 30. Rc2 Rb7 31. Nh2 Ng8 32. Nf3 Nf6 33. Ng5+ Kxh6 34. Bf3
N6h5 35. Ne6 Rf7 36. Nd8 1-0

[Event "WEM Meisterturnier 2015"]
[Site "Stuttgart Botnang"]
[Date "2015.08.29"]
[Round "2.2"]
[White "Kabisch, Thilo"]
[Black "Smolny, Frieder"]
[Result "1-0"]
[WhiteElo "2286"]
[BlackElo "2156"]
[PlyCount "67"]
[EventDate "2015.??.??"]
[EventCountry "GER"]
[SourceDate "2015.09.01"]
[WhiteTeam "SK Schmiden/Cannstatt"]
[BlackTeam "SC Weiße Dame Ulm"]

1. e4 Nf6 2. e5 Nd5 3. d4 d6 4. Nf3 g6 5. Be2 Bg7 6. O-O O-O 7. Re1 Nc6 8. c4
Nb6 9. exd6 cxd6 10. h3 Bf5 11. Nc3 Rc8 12. Bg5 h6 13. Bh4 g5 14. Bg3 Nb4 15.
Rc1 Nxc4 16. Qb3 Nd3 17. Bxd3 Bxd3 18. Nd5 e6 19. Nb4 Nxb2 20. Rxc8 Qxc8 21.
Qxb2 Bf5 22. Bxd6 Rd8 23. Be5 f6 24. Bg3 a5 25. Rc1 Qd7 26. Nc2 h5 27. Ne3 Be4
28. Rc7 Qa4 29. Rc4 Qd7 30. Qb6 h4 31. Rc7 Qe8 32. Bd6 Bc6 33. Re7 Qf8 34.
Rxg7+ 1-0

[Event "WEM Meisterturnier 2015"]
[Site "Stuttgart Botnang"]
[Date "2015.08.29"]
[Round "2.3"]
[White "Geshnizjani, Ramin Tobias"]
[Black "Hirneise, Jens"]
[Result "0-1"]
[WhiteElo "2081"]
[BlackElo "2254"]
[PlyCount "126"]
[EventDate "2015.??.??"]
[EventCountry "GER"]
[SourceDate "2015.09.01"]
[WhiteTeam "Heilbronner SV"]
[BlackTeam "SF Deizisau"]

1. e4 c5 2. c3 Nf6 3. e5 Nd5 4. d4 cxd4 5. cxd4 d6 6. Nf3 Nc6 7. Bc4 Nb6 8. Bb5
Bd7 9. exd6 e6 10. Nc3 Bxd6 11. O-O O-O 12. a3 Ne7 13. Bd3 Nf5 14. Ne4 Bc6 15.
Qe2 Nd5 16. Bg5 Be7 17. Bd2 Nf6 18. Nxf6+ Bxf6 19. Bc3 Bd5 20. Ne5 Rc8 21. Rad1
Bxe5 22. dxe5 Qg5 23. f4 Qd8 24. Bxf5 exf5 25. Qe3 Qd7 26. Qd4 Rfd8 27. Rf2 Be6
28. Qxd7 Rxd7 29. Rxd7 Bxd7 30. Rd2 Be6 31. Bd4 b6 32. a4 h6 33. a5 bxa5 34.
Bxa7 a4 35. h4 Kh7 36. Kh2 Kg6 37. Kh3 Rc1 38. Bb6 Kh5 39. Bd8 Re1 40. Kg3 Re3+
41. Kf2 Rb3 42. Be7 g6 43. Bf8 Rb8 44. Bg7 Rb4 45. Ke3 Kxh4 46. Bxh6 Kg3 47.
Bg5 Ba2 48. Kd3 Bd5 49. Kc3 Rc4+ 50. Kd3 Rc7 51. Ke3 Bxg2 52. Rd4 Ra7 53. Rc4
Be4 54. Kd4 Kf3 55. Kc5 Ke3 56. Kb4 Bd5 57. Rc5 Bb3 58. Kc3 Rb7 59. Rc6 Bd5 60.
Rc5 Rb3+ 61. Kc2 Be4+ 62. Kc1 Ke2 63. Rc3 Rb7 0-1

[Event "WEM Meisterturnier 2015"]
[Site "Stuttgart Botnang"]
[Date "2015.08.29"]
[Round "2.4"]
[White "Koch, Martin"]
[Black "Fischer, Sebastian"]
[Result "0-1"]
[WhiteElo "2058"]
[BlackElo "2222"]
[PlyCount "74"]
[EventDate "2015.??.??"]
[EventCountry "GER"]
[SourceDate "2015.09.01"]
[WhiteTeam "SC Botnang"]
[BlackTeam "TSV Schönaich"]

1. e4 c5 2. c3 e5 3. Nf3 Nc6 4. d4 exd4 5. Bc4 Nf6 6. e5 d5 7. Bb5 Ne4 8. O-O
dxc3 9. Nxc3 Nxc3 10. bxc3 Be7 11. Re1 O-O 12. Bf4 Be6 13. Qd2 a6 14. Bd3 c4
15. Bc2 Qd7 16. Bg5 Bg4 17. Bxe7 Bxf3 18. Qf4 Nxe7 19. Qxf3 b5 20. Rad1 Rad8
21. Qh5 Ng6 22. Rd4 Qe7 23. g3 b4 24. Rh4 h6 25. Rg4 bxc3 26. Rxg6 fxg6 27.
Qxg6 Qg5 28. Qh7+ Kf7 29. f4 Qg4 30. Bf5 Rh8 31. Qxh8 Rxh8 32. Bxg4 d4 33. Rc1
Rb8 34. Bf3 Ke6 35. h4 Rb2 36. a4 c2 37. Kf1 Rb1 0-1

[Event "WEM Meisterturnier 2015"]
[Site "Stuttgart Botnang"]
[Date "2015.08.29"]
[Round "2.5"]
[White "Grill, Bernd"]
[Black "Maj, Kornel"]
[Result "1/2-1/2"]
[WhiteElo "2220"]
[BlackElo "2051"]
[PlyCount "72"]
[EventDate "2015.??.??"]
[EventCountry "GER"]
[SourceDate "2015.09.01"]
[WhiteTeam "SV Ebersbach"]
[BlackTeam "Stuttgarter SF"]

1. c4 c5 2. g3 Nc6 3. Bg2 g6 4. Nc3 Bg7 5. Nf3 e5 6. O-O Nge7 7. Ne1 O-O 8. Nc2
d6 9. a3 Be6 10. Ne3 a5 11. Ned5 f5 12. d3 h6 13. Rb1 Rb8 14. Bd2 g5 15. Nxe7+
Qxe7 16. Nd5 Qf7 17. b4 axb4 18. axb4 b6 19. b5 Ne7 20. Nc7 Bc8 21. Na6 Rb7 22.
Qb3 Ng6 23. Bd5 Be6 24. Bxb7 Qxb7 25. f3 d5 26. cxd5 Bxd5 27. Qc2 e4 28. fxe4
fxe4 29. Rxf8+ Nxf8 30. Rf1 Ne6 31. dxe4 Nd4 32. Qd3 Bxe4 33. Qc4+ Bd5 34. Qd3
Be4 35. Qc4+ Bd5 36. Qd3 Be4 1/2-1/2

[Event "WEM Meisterturnier 2015"]
[Site "Stuttgart Botnang"]
[Date "2015.08.29"]
[Round "2.7"]
[White "Namyslo, Holger"]
[Black "Gheng, Josef"]
[Result "1-0"]
[WhiteElo "2227"]
[BlackElo "2376"]
[PlyCount "83"]
[EventDate "2015.??.??"]
[EventCountry "GER"]
[SourceDate "2015.09.01"]
[WhiteTeam "TG Biberach"]
[BlackTeam "SC Erdmannhausen"]

1. e4 c5 2. Nf3 a6 3. c3 e6 4. d4 Nf6 5. Bd3 h6 6. O-O d5 7. e5 Nfd7 8. a3 c4
9. Bc2 Nc6 10. b3 cxb3 11. Bxb3 Na5 12. Bc2 Nb6 13. Ne1 Bd7 14. f4 g6 15. a4
Nbc4 16. g4 h5 17. f5 gxf5 18. gxf5 Bh6 19. Ng2 Qb6 20. Kh1 O-O-O 21. f6 Bc6
22. Nd2 Rdg8 23. Nf3 Rg4 24. Rg1 Bxc1 25. Qxc1 Nb3 26. Bxb3 Qxb3 27. a5 Qb5 28.
Ng5 Be8 29. h3 Nxa5 30. Rxa5 Qxa5 31. Kh2 Rxg2+ 32. Rxg2 Qc7 33. Qa3 a5 34. Rb2
h4 35. Nf3 Bc6 36. Rg2 Kb8 37. Rg7 Be8 38. Ng5 Qc4 39. Nxf7 Bxf7 40. Qe7 Qe2+
41. Rg2 Qh5 42. Rb2 1-0

[Event "WEM Meisterturnier 2015"]
[Site "Stuttgart Botnang"]
[Date "2015.08.29"]
[Round "2.8"]
[White "Latzke, Boris Alexander"]
[Black "Fuß, Klaus"]
[Result "1/2-1/2"]
[WhiteElo "2257"]
[BlackElo "2099"]
[PlyCount "139"]
[EventDate "2015.??.??"]
[EventCountry "GER"]
[SourceDate "2015.09.01"]
[WhiteTeam "SK Bebenhausen"]
[BlackTeam "SG Turm Albstadt"]

1. d4 Nf6 2. c4 e6 3. Nc3 Bb4 4. e3 b6 5. Nge2 Bb7 6. a3 Be7 7. d5 Ba6 8. Nf4
exd5 9. Nfxd5 O-O 10. Bd3 Nc6 11. Qa4 Ne5 12. Be2 Bb7 13. O-O c6 14. Nf4 Qc7
15. Bd2 Bd6 16. h3 a6 17. Rac1 b5 18. cxb5 axb5 19. Qc2 Nc4 20. Nh5 Nxh5 21.
Bxh5 Bh2+ 22. Kh1 Be5 23. Bf3 d5 24. Nd1 Qe7 25. Bc3 Rad8 26. Bxe5 Nxe5 27. Be2
d4 28. exd4 Rxd4 29. Ne3 Qf6 30. Kg1 Ng6 31. Rfd1 Rxd1+ 32. Rxd1 Nf4 33. Bg4 h5
34. Bd7 Rd8 35. Qf5 Qxf5 36. Bxf5 Rxd1+ 37. Nxd1 c5 38. f3 Bc6 39. Kf2 g6 40.
Bc2 Kg7 41. h4 Kf6 42. g3 Ne6 43. f4 Nd4 44. Bd3 Ke6 45. Nc3 Kd6 46. Ne2 Ne6
47. Ke3 c4 48. Bc2 Kc5 49. f5 gxf5 50. Bxf5 b4 51. axb4+ Kxb4 52. Bxe6 fxe6 53.
Nd4 Bd5 54. Kf4 Bg2 55. Ke5 Bh3 56. Kf4 Bg4 57. Ke4 Bh3 58. Ke5 Bg4 59. Ke4 Bh3
60. Kf4 Bg4 61. Ke5 Bh3 62. Nxe6 Kb3 63. Nf4 Bg4 64. Kd4 Bd1 65. Nd5 Be2 66.
Ne3 Bd3 67. Kc5 Be2 68. Kd5 Bd3 69. Kd4 Be2 70. Kc5 1/2-1/2